000
nam a22 a 4500
999
_c
1148
_d
1148
005
20170508143919.0
008
170508b2000 my ||||| |||| 00| 0 may d
040
_a
AKMAL
082
_a
297.36 GAR
090
_a
297.36
_b
GAR
245
_a
Garis Panduan
_b
Ibadah Qurban
300
_c
cm
942
_2
ddc
_c
BOOK